Looking At Me - Sabrina Carpenter - All Lyrics - Statistics

General Stats
  • This quiz has been taken 116 times
  • The average score is 344 of 419
Answer Stats
Answer % Correct
a
100%
at
100%
I
100%
(I
100%
look
100%
the
100%
You
100%
you
100%
you,
100%
you)
100%
your
99%
huh
97%
looking
97%
(Looking
97%
Looking
97%
me
97%
me,
97%
me)
97%
me?
97%
Oh
97%
Oh,
97%
yeah
97%
They
96%
Don’t
93%
Don't
93%
don't
93%
(Don't
93%
they're
92%
They're
92%
(They're
92%
to
92%
an
89%
move
89%
feet
88%
Try
88%
(Try
88%
and
87%
there
86%
If
84%
it
83%
It
83%
babe)
82%
babe
82%
baby
82%
baby)
82%
(Hey)
82%
honey
82%
honey)
82%
like
82%
stand
82%
(Stand
82%
takin'
82%
Yeah,
82%
yeah,
82%
(Yeah)
82%
(Yeah,
82%
be
80%
take
80%
think
80%
I'm
79%
I'ma
79%
(I'ma
79%
easy
78%
just
78%
can
76%
even
76%
in
76%
nice
76%
staring,
76%
When
76%
lead
75%
lead)
75%
lost
75%
make
74%
for
72%
on)
71%
attention?
70%
come
68%
(Come
68%
Did
68%
know
68%
know)
68%
my
68%
breath,
67%
catch
67%
could
67%
ain't
66%
are
66%
No,
66%
no
66%
(No,
66%
no,
66%
no)
66%
now)
66%
that
64%
with
64%
But
62%
but
62%
head
62%
room,
62%
room
62%
broken
61%
I've
61%
(I've
61%
leave
61%
been
59%
'bout
59%
or
59%
twice
59%
twice,
59%
worry
59%
'Cause
58%
It’s
58%
once
58%
once,
58%
attitude
57%
behind,
57%
here
57%
I'll
57%
Never
57%
what
57%
all
55%
gon'
55%
lips
55%
eyes
54%
teach
54%
wanna
54%
things
53%
can't
50%
rodeo
49%
twist
49%
new
47%
show
47%
whole
46%
necks
45%
steal
42%
circle
39%
soles
38%
up
37%
give
36%
teacher,
36%
would
36%
bring
34%
green
34%
young
34%
tonight
33%
overdose
30%
owl,
29%
any
28%
bull
28%
Yes,
22%
No matching quizzes found
Score Distribution
Percent of People with Each Score
Percentile by Number Answered
Your Score History
You have not taken this quiz